| 000 | 00416nam a22001457a 4500 | ||
|---|---|---|---|
| 999 |
_c530792 _d530792 |
||
| 003 | NUST | ||
| 005 | 20191014155630.0 | ||
| 038 | _aNusrat Nadeem | ||
| 082 | _a005 ASL | ||
| 100 |
_a Hayat Aslam _923278 |
||
| 245 |
_aMS/Thesis :Quantum Chemical Studies of 6-Vertex hypercloso- Heteroboranes _cAslam Hayat |
||
| 260 |
_aIslamabad _bRCMS NUST _c2017 |
||
| 700 | _4Dr. Farooq Ahmad Kiani (Supervisor) | ||
| 942 |
_2ddc _cTHE |
||